000
00416nam a22001337a 4500
003
SGT
020
_a
9788183618588
082
_a
330
_b
G17U
100
_a
उपाधयाय, सुजय प्रकाश
245
_a
GST क़्या: किसके लिए: कैसे
260
_b
राधाकृष्ण प्रकाशन प्रा. लि.
_c
2017
300
_a
179
942
_2
ddc
_c
BK
999
_c
29308
_d
29308